01361nam a2200169Ia 4500003000400000005001700004008004000021020001800061040000700079041001200086082001500098100002000113245002000133260004100153300000800194520098900202OSt20240701145016.0210210b2006 xxu||||| |||| 00| 0 eng d a81 7992 576 5 cAL aEnglish a158.1 SHAG aSHARMA (Robin). aGreatness guide aMumbaibJaico Publishing Housec2006 a221 aRealize Your Genius + Optimize Your Life The Greatness Guide is a strikingly powerful and enormously practical handbook that will inspire you to get to world-class in both your personal and professional life. Written by Robin Sharma, one of the planet’s top success coaches and a man whose ideas have been embraced by celebrity CEOs, leading entrepreneurs, rock stars and royalty, as well as by many FORTUNE 500 companies, this book contains a proven formula that will help you meet your highest potential and live an extraordinary life. Discover: ■ The personal practices of spectacularly successful people ■ Potent ideas to get your organization to greatness ■ Specific strategies to turn setbacks into opportunities ■ Revolutionary tactics for peak performance ■ How to attract true wealth along with real happiness ■ Breakthrough ideas to generate excellent health and an “energy explosion” ■ Tools for work-life balance and ways to experience a lot more fun